Trofizmus a aberácia pôdy v životnom prostredí

Bibliographic Details
Main Author: Bedrna, Zoltán, 1933-2019 (Author)
Format: Article
Language:Slovak
PhysicalDescription:Obr., tab.
ISSN:0044-4863
Subjects:

MARC

LEADER 00000nab a2200000 a 4500
001 vtls000665277
003 SK-MaSNL
005 20260304090535.0
008 250425c1998 xo 0 slo
015 |a SNBRB1998/06-17398 
035 |a CLN000017463 
035 |a urn:nbn:sk:snk-abbrun 
035 |a (urnnbn)urn:nbn:sk:snk:ar-006e4x 
035 |a (uuid)3534774b-c154-46cc-b492-30e899aae74c 
040 |a SNKBUCL  |b slo  |c SNKBUCL  |e AACR2 
041 0 |a slo 
044 |a xo  |c SK 
080 |a 504.53.05:631.41  |2 1997 
080 |a 631.41  |2 1997 
100 1 |a Bedrna, Zoltán,  |d 1933-2019  |4 aut  |9 104011 
245 1 0 |a Trofizmus a aberácia pôdy v životnom prostredí  |c Zoltán Bedrna 
300 |b Obr., tab. 
504 |a Res. angl. Bibliogr. odkazy 
650 0 7 |a pôda  |2 snkbucl  |9 1159 
650 0 7 |a výživnosť  |x pôda  |2 snkbucl  |9 1381766 
655 7 |a články z novín a časopisov  |2 snkbucl  |9 267496 
773 0 |t Životné prostredie  |g Roč. 32, č. 3 (1998), s. 147-149  |x 0044-4863 
850 |a Slovenská národná knižnica 
852 |a Slovenská národná knižnica 
954 |a odborná, vedecká literatúra pôvodná (slovenská)  |2 lita 
958 |a article15 
958 |a OND 
958 |a NB 
958 |a EUIPO 
992 |a RBX 
999 |c 2811761  |d 2813691